| 000 | 00638cam a2200217 4500 | ||
|---|---|---|---|
| 001 | J61439 | ||
| 008 | 000000n2000 000 0 eng u | ||
| 035 | _a(Sirsi) u106661 | ||
| 041 | _aeng | ||
| 050 | _a333.33709421 | ||
| 110 |
_aDTZ Research _93886 |
||
| 245 | _aCORe : central offices research : London. - Winter 1999/2000 | ||
| 260 |
_aLondon _bDTZ Research _c2000 |
||
| 300 | _a7p.. ; 30cm. | ||
| 650 | _aFLOORSPACE STATISTICS | ||
| 650 | _aLONDON | ||
| 650 | _aPROPERTY-COMMERCIAL PROPERTY-OFFICE PROPERTY-OFFICE PROPERTY MARKET | ||
| 650 | _aPROPERTY INVESTMENT | ||
| 690 | _aPROPERTY-COMMERCIAL PROPERTY | ||
| 942 | _n0 | ||
| 999 |
_c100601 _d100601 |
||